000 004940000a22001930004500
001 000580
003 MACL
005 20150903154140.0
008 150903b xxu||||| |||| 00| 0 eng d
040 _aMACL
_cMACL
041 _aEnglish
082 _a808.84/SIL
100 _aSoil, Rita.D
_98953
245 _aProfile Of Rabindranath Tagore In World Literature
_cRita.D Soil
260 _aNew Delhi
_c2000
_bKhama Publisers,
350 _a450
650 _aLiterature
_98954
942 _k809
_cBK
_2ddc
999 _c580
_d580